000 00950cam a2200217 4500
001 WB3845-25
008 021202n2002 000 0 eng u
035 _a(Sirsi) u120629
245 _aRICS awards shortlist announced
260 _c2002
490 _aRICS Press Release
_v(pr135) 29 November 2002, (3)
520 _aA shortlist of 30 projects for the 'RICS Building of the Year' award has been selected from 86 entries. The projects span building conservation, regeneration and building efficiency and include the Glasgow Science Centre, Glasgow Central station and the Great Hall of Queen's University, Belfast. With shortlist. www.rics.org/ricscms/bin/show?class=PressRelease&template=/includes/showpr.html&id=846
590 _aWB
650 _aABOUT RICS-AWARDS
650 _aBUILT ENVIRONMENT
650 _aREGENERATION
650 _aBUILDING CONSERVATION
650 _aBUILDING EFFICIENCY
690 _aRICS NEWS
942 _n0
999 _c71679
_d71679